Synthetic rubber and Malaya (Record no. 19308)

MARC details
000 -LEADER
fixed length control field 00280nam a2200109Ia 4500
082 ## - DEWEY DECIMAL CLASSIFICATION NUMBER
Classification number 678.7(595)
Item number GAM
100 ## - MAIN ENTRY--AUTHOR NAME
Personal name Gamba, Charles
245 #0 - TITLE STATEMENT
Title Synthetic rubber and Malaya
260 ## - PUBLICATION, DISTRIBUTION, ETC. (IMPRINT)
Place of publication Singapore
Name of publisher Donald Moore
Year of publication 1956
942 ## - ADDED ENTRY ELEMENTS (KOHA)
Koha item type Books
Holdings
Withdrawn status Lost status Damaged status Not for loan Home library Current library Date acquired Full call number Accession Number Koha item type
        RRII Library RRII Library 16/12/2021 678.7(595) GAM 00046 Books